| 000 | 00747nam a2200241 a 4500 | ||
|---|---|---|---|
| 001 | 12481 | ||
| 003 | BD-RjUL | ||
| 005 | 20211208235313.0 | ||
| 008 | 140129s1961 enka b 001 0 eng d | ||
| 035 | _a(BD-RjUL)12530 | ||
| 040 |
_aVCAV _beng _cVCAV _dVIT _dBD-RjUL |
||
| 041 | _aeng | ||
| 082 | 0 | 4 |
_a579.17 _219 _bGRM 1961 |
| 100 | 1 |
_aGregory, P. H., _q(Philip Herries), _d1907- _938845 |
|
| 245 | 1 | 4 |
_aThe microbiology of the atmosphere / _cby P.H. Gregory. |
| 260 |
_aLondon : _bLeonard Hill, _c1961. |
||
| 300 |
_axv, 251 p. : _bill. (part col.) ; _c26 cm. |
||
| 504 | _aIncludes bibliography and index. | ||
| 650 | 0 |
_aAir _xMicrobiology _938847 |
|
| 650 | 0 |
_aPalynology. _935633 |
|
| 942 |
_2ddc _cBK |
||
| 999 |
_c12481 _d12481 |
||